LEADER 01764namaa2200373 i 4500 001 000000177970 003 CaOOAMICUS 005 20250730140614.0 008 250730s2024 gw u010 u ger r 020 $a978-3-643-15667-9* 032 $aLibriCat 040 $aPUL$bita 082 04$a270.3 245 01$a«Fratres et sorores, qui appellantur humiliati» :$bsaggi sugli Umiliati raccolti in occasione del settantesimo compleanno /$c Maria Pia Alberzoni ; a cura di Guido Cariboni ... [et al.]. 260 $aBerlin :$bLIT,$c©2024. 300 $a388 pagine ;$c24 cm 336 $atesto$btxt$2rdacontent 337 $asenza mediazione$bn$2rdamedia 338 $avolume$bnc$2rdacarrier 490 1 $aVita regularis. Abhandlungen ;$v87 504 $aBibliografia in nota. 650 4$aMonachismo e ordini religiosi$zEuropa$xStoria.$0(OLS)http://pul/subject/26554 650 4$aFrancescanesimo$xStoria.$0(OLS)http://pul/subject/2027 700 1 $aCariboni, Guido,$d1968-,$ecuratore.$0(OLS)http://pul/name/62798 700 1 $aAlberzoni, Maria Pia,$d1952-,$eomaggiato.$0(OLS)http://pul/name/3998 830 0$aVita regularis.$pAbhandlungen ;$v87.$0(OLS)http://pul/title/174050 850 $aPUL 852 $aPUL$W1$xSL Religione 3$y85$m270. 3 COLL 1.1.87$j201911$qDDC 21$B206959$CPULBib$Z2$F206959 $H138100 $82 941 1 $a9 996 $6020$a978-3-643-15667-9*$9(OLS)http://pul/number/170548 996 $6082$a270.3$9(OLS)http://pul/classification/2546 996 $6245$a«Fratres et sorores, qui appellantur humiliati» :$bsaggi sugli Umiliati raccolti in occasione del settantesimo compleanno$9(OLS)http://pul/title/219535 996 $6260$aBerlin :$bLIT$9(OLS)http://pul/publisher/81347 LEADER 01293nam a2200313 u 4500 001 000000066265 003 CaOOAMICUS 005 20160913123207.0 008 020109s2001 it u000 u ita u 020 $a8840180729 032 $aLibriCat 035 $a10915866 040 $aPUL$bita 100 1 $aMura, Gaspare,$d1937-$0(OLS)http://pul/name/5566 245 10$aPensare la parola :$bper una filosofia dell'incontro /$cGaspare Mura. 260 $aRoma :$bUrbaniana University Press,$cc2001. 300 $a323 p. ;$c22 cm 504 $a"Bibliografia": p. 299-323. 600 14$aRosenzweig, Franz,$d1886-1929.$0(OLS)http://pul/subject/24169 600 14$aEbner, Ferdinand,$d1882-1931.$0(OLS)http://pul/subject/23398 650 4$aErmeneutica$ySec. XX.$0(OLS)http://pul/subject/26015 850 $aPUL 852 $aPUL$W1$xDP2 Filosofia 3$y112$m121 MURGA 3$j177182$nBK-PRI$b $qDDC 21$B85676$CPULBib$Z2$F85676 $H86245 $81 941 1 $a9 961 $aprecedente collocazione: Fil 193 996 $6020$a8840180729$9(OLS)http://pul/number/85958 996 $6245$aPensare la parola :$bper una filosofia dell'incontro$9(OLS)http://pul/title/88005 996 $6260$aRoma :$bUrbaniana University Press$9(OLS)http://pul/publisher/62281